[Event "Africa-ch U12"]
[Site "Windhoek"]
[Date "2019.12.21"]
[Round "9.9"]
[White "Bertelsmann, Alexander"]
[Black "Wanjala, Samuel"]
[Result "1-0"]
[WhiteElo "1331"]
[BlackElo "1411"]
[PlyCount "85"]
[EventDate "2019.12.16"]
[EventType "swiss"]
[EventRounds "9"]
[EventCountry "NAM"]
[SourceTitle "EXT 2024"]
[Source "ChessBase"]
[SourceDate "2023.10.10"]
[SourceVersion "1"]
[SourceVersionDate "2023.10.10"]
[SourceQuality "1"]

1. e4 e5 2. Bc4 Bc5 3. d3 Ne7 4. Be3 Bxe3 5. fxe3 0-0 6. Nf3 Nbc6 7. Nc3 d6 8. h3 Be6 9. Nd5 Bxd5 10. exd5 Na5 11. e4 Nxc4 12. dxc4 Rc8 13. Qd2 c6 14. 0-0 cxd5 15. cxd5 Qb6+ 16. Qf2 Rxc2 17. Qxb6 axb6 18. b3 Re2 19. Rfe1 Rxe1+ 20. Rxe1 f6 21. Rc1 Rc8 22. Rxc8+ Nxc8 23. Kf2 Kf7 24. Ke3 h6 25. Kd3 Ne7 26. g4 g6 27. Nh4 g5 28. Nf3 Kg6 29. Kc4 h5 30. Kb5 Nc8 31. Nd2 hxg4 32. hxg4 f5 33. gxf5+ Kh5 34. a4 g4 35. Nf1 Kg5 36. b4 Kf6 37. a5 bxa5 38. bxa5 Ke7 39. a6 Na7+ 40. Kb6 bxa6 41. Kxa6 Nc8 42. Kb7 Kd7 43. f6 1-0

[Event "Africa-ch U12"]
[Site "Windhoek"]
[Date "2019.12.17"]
[Round "3.6"]
[White "Wanjala, Samuel"]
[Black "Youssef, Yousab"]
[Result "1-0"]
[WhiteElo "1411"]
[BlackElo "1173"]
[PlyCount "87"]
[EventDate "2019.12.16"]
[EventType "swiss"]
[EventRounds "9"]
[EventCountry "NAM"]
[SourceTitle "EXT 2024"]
[Source "ChessBase"]
[SourceDate "2023.10.10"]
[SourceVersion "1"]
[SourceVersionDate "2023.10.10"]
[SourceQuality "1"]

1. e4 e5 2. Nf3 Nc6 3. Bc4 Nf6 4. d3 h6 5. Be3 Be7 6. 0-0 d6 7. h3 Be6 8. Bb5 0-0 9. Bxc6 bxc6 10. Nbd2 Qd7 11. Nh2 d5 12. c3 d4 13. cxd4 exd4 14. Bf4 Rab8 15. b3 Nh7 16. Nc4 Bxc4 17. dxc4 Bg5 18. Be5 Bf6 19. Bxf6 Nxf6 20. f3 c5 21. e5 Nh5 22. f4 Ng3 23. Rf3 Nf5 24. g4 Ne7 25. Kg2 f6 26. Qe2 Qe6 27. Re1 Rbe8 28. f5 Qc6 29. e6 Qd6 30. Nf1 Nc6 31. Nd2 Ne5 32. Rg3 Re7 33. Ne4 Qc6 34. Kf2 Rd8 35. g5 hxg5 36. Nxg5 fxg5 37. Qxe5 Qd6 38. Rxg5 Qxe5 39. Rxe5 Kf8 40. Rxc5 d3 41. Rd5 Rxd5 42. cxd5 Ke8 43. f6 gxf6 44. Rg8# 1-0